000 00852nam a2200229Ia 4500
001 3312
003 GE_BSU
008 181216s||||||||xx |||||||||||||| ||und||
040 _cGE_BSU
080 _a66.013(075.32)
100 _aГайдамак,К.М. Тыркин,Б.А.
245 _aМонтаж оборудования предприятий химической и нефтехимической промишленности.
245 _bУчебн.
245 _cРед.О.К.Мухина.
250 _aИзд 3-ое,перераб.и доп.
260 _aМ.
260 _bВысш. школа.
260 _c1983.
300 _a271стр.с илл.21см.
653 _aМонтаж оборудования предприятий химической и нефтехимической промишленности.
942 _cBK
999 _c37353
_d37353